Cities on US Route 16 - Statistics

General Stats
  • This quiz has been taken 7 times
  • The average score is 6 of 7
Answers on the Map
Answers color-coded by a green-red scale on the quiz's map according to % correct below.
 
Answer Stats
State County Answer % Correct
Wyoming Campbell Gillette
100%
South Dakota Pennington Rapid City
100%
South Dakota Custer Custer
83%
Wyoming Johnson Buffalo
67%
South Dakota Pennington Hill City
67%
Wyoming Weston Newcastle
67%
Wyoming Washakie Worland
67%
No matching quizzes found
Score Distribution
Percent of People with Each Score
Percentile by Number Answered
Your Score History
You have not taken this quiz